[Event "Candidates Tournament"]
[Site "London"]
[Date "2013.03.24"]
[Round "8"]
[White "Carlsen, Magnus"]
[Black "Aronian, Levon"]
[Result "1/2-1/2"]
[WhiteElo "2872"]
[BlackElo "2809"]
[Annotator "Marin,M"]
[PlyCount "81"]
[EventDate "2013.03.15"]
[EventType "tourn"]
[EventRounds "14"]
[EventCountry "ENG"]
[EventCategory "22"]
[SourceTitle "CBM 154"]
[Source "ChessBase"]
[SourceDate "2013.05.15"]
[SourceVersion "1"]
[SourceVersionDate "2013.05.15"]
[SourceQuality "1"]

1. c4 Nf6 2. Nf3 e6 3. g3 d5 4. Bg2 Be7 5. d4 O-O 6. O-O dxc4 7. Qc2 a6 8. Qxc4
b5 9. Qc2 Bb7 10. Bd2 Bd6 11. a3 {Since Black's last move (quite fashionable
nowadays) does not contribute to the development directly, White thinks he can
afford to play some pawn moves before making up his mind with respect to the
b1-knight.} Nbd7 12. b4 (12. Ba5 {Cheparinov,I (2689)-Atalik,S (2603)/Burgas
2012/CBM 151/[Atalik,S] (1-0, 44)}) 12... Ra7 {Preparing a typical regrouping
with ...Qa8, aimed at putting pressure on the long diagonal and the a-file at
the same time.} (12... Nb6 13. Nc3 Nbd5 (13... Nc4 14. e4 $5) 14. Na2 Nb6 15.
Nc3 Nbd5 16. Nxd5 Nxd5 $2 (16... Bxd5 {may be slightly worse, but entirely
playable.}) 17. Qe4 $2 {Too modest.} (17. Ng5 $1 g6 18. Ne4 $16 {[%csl Gc5,Gf6,
Gh6]}) 17... h6 18. Ne5 Rb8 19. Qc2 Bxe5 20. dxe5 Qe7 21. e4 Nb6 22. Be3 $14 {
Leko,P (2735)-Karjakin,S (2780)/Wijk aan Zee 2013/CBM 153 (1/2, 38)}) (12...
Be4 13. Qb2 Bd5 14. Bg5 Qb8 15. Bxf6 Nxf6 16. Nc3 a5 {Quite ambitious, but not
really necessary.} (16... Bb7 17. Nd2 Bxg2 18. Kxg2 a5 19. Nde4 Nxe4 20. Nxe4
axb4 21. axb4 Ra4 $132 {Black's play along the a-file compensates for the
backward c-pawn.}) 17. Nxd5 exd5 18. Ne5 axb4 19. axb4 Ra4 20. Nc6 {Quite a
good square for the knight, but White still needs to stabilise the position
and create some targets.} Qa8 $6 ({A more harmonious and effective regrouping
would have been} 20... Qb7 21. Rfc1 Rfa8 $11) 21. Rfc1 Rxa1 22. Qxa1 Qa4 23.
Qc3 $14 {Laznicka,V (2701)-Bruzon Batista,L (2682)/Poikovsky 2011/CBM 145 (1-0,
43)}) 13. Nc3 (13. a4 {gains some space but also helps Black get rid of a
potential queenside weakening.} bxa4 14. Rxa4 Qa8 15. Na3 Ne4 16. Rb1 Nxd2 17.
Qxd2 Rb8 18. Nc4 Nb6 19. Nxb6 cxb6 20. Rba1 Rc8 21. Ne1 {1/2 Gelfand,B (2756)
-Granda Zuniga,J (2644)/Lugo 2009/CBM 133}) 13... Qa8 14. Nh4 Bxg2 15. Nxg2 c6
$146 {Once the bishops have been exchanged, this is quite logical. Black
focuses on ...a5.} (15... e5 {does not quite solve all the problems, since the
queenside pieces remain slightly strangely placed:} 16. Be3 Rb7 17. Rfd1 $14 {
Cheparinov,I (2710)-Harikrishna,P (2692)/Leon 2012/EXT 2013 (1/2, 33)}) 16.
Rac1 $6 {This does not cross Black's plans in either way.} (16. Ne4 $5 Nxe4 17.
Qxe4 Rc8 18. Rfc1 {[%cal Gg2f4,Gf4d3,Gg2e1,Ge1d3] would allow White to keep
the queenside immobile, with chances to get an advantage in the long run. With
the a3-pawn defended,} a5 $6 {may cause Black some problems after} 19. bxa5 $1)
16... a5 17. Ne4 Nxe4 18. Qxe4 Rc8 19. Nf4 axb4 20. Bxb4 ({White could still
keep the queenside blocked, but this would allow Black active play along the
a-file:} 20. axb4 Nf6 21. Qb1 Ra3 22. Nd3 Qa7 23. e3 Ne4 24. Rfd1 {[%cal Gd2e1]
}) 20... c5 21. Qxa8 Raxa8 22. dxc5 Bxc5 $11 {The position is plain equal now.
The game will end up in the same way as the first encounter between the same
players: a knight ending with equal pawns and symmetrical structure! Good
fighting spirit, but not really thrilling.} 23. Nd3 Bf8 24. Rxc8 Rxc8 25. Rb1
Ra8 26. Bxf8 Kxf8 27. Rxb5 Rxa3 28. g4 h6 29. h4 Ra2 30. Kf1 Ra1+ 31. Kg2 Ra2
32. Kf3 Ra3 33. Kg3 Ra2 34. e3 Rd2 35. Nf4 g6 36. g5 hxg5 37. hxg5 Ke7 38. e4
Rc2 39. f3 Rc5 40. Rxc5 Nxc5 41. Ng2 1/2-1/2

[Event "Candidates Tournament"]
[Site "London"]
[Date "2013.03.24"]
[Round "8"]
[White "Grischuk, Alexander"]
[Black "Ivanchuk, Vassily"]
[Result "1-0"]
[WhiteElo "2764"]
[BlackElo "2757"]
[Annotator "Szabo,Kr"]
[PlyCount "77"]
[EventDate "2013.03.15"]
[EventType "tourn"]
[EventRounds "14"]
[EventCountry "ENG"]
[EventCategory "22"]
[SourceTitle "CBM 154"]
[Source "ChessBase"]
[SourceDate "2013.05.15"]
[SourceVersion "1"]
[SourceVersionDate "2013.05.15"]
[SourceQuality "1"]

1. e4 c5 2. Nf3 Nc6 3. d4 cxd4 4. Nxd4 Nf6 5. Nc3 g6 {Perhaps Vassily wanted
to avoid the Maroczy System in the event of 4...g6 5.c4. However, this line
looks a little bit weird, it could have been met effectively by 6.Nxc6.} 6. Be3
(6. Nxc6 {looks very attractive} bxc6 ({if} 6... dxc6 $6 7. Qxd8+ Kxd8 8. Bc4
Ke8 9. e5 Nd7 10. f4 {The computer considers the position to be absolutely
equal, but by human measures, in my view, it is more pleasant for White.}) 7.
e5 Ng8 8. Bc4 Bg7 9. Qf3 $1 {forces some weaknesses in Black's position.} f5
10. Bf4 e6 11. O-O-O {White has a huge advantage in development, and} (11. O-O
{is also nice.})) 6... Bg7 {Now one of the main line has arisen.} 7. Bc4 Qa5 (
7... O-O {is more popular.}) 8. O-O O-O 9. Bb3 (9. Nb3 {is another main line.})
9... d6 10. Nd5 {A rare, but ambitious move.} (10. h3 {is more popular amongst
the top players, for example:} Bd7 11. Re1 Rfc8 12. Qe2 Qh5 13. Nf3 h6 14. Rad1
g5 15. Nd5 Nxd5 16. Bxd5 $1 Bxb2 17. Rb1 Bc3 $1 18. Rxb7 Bxh3 19. Nxg5 $1 Qxe2
20. Rxe2 Bg4 21. Nf3 e6 22. Bxc6 Rxc6 23. Bxh6 {Carlsen-Radjabov, Medias 2010;
with a slight advantage.}) (10. f3 {was also played. This is a slightly
strange Dragon in which White has castled on the kingside.}) 10... Re8 {
A cold-blooded answer.} ({The natural} 10... Nxd5 {is also possible} 11. exd5
Ne5 (11... Nxd4 12. Bxd4 Bf5 13. Bxg7 Kxg7 14. Re1 $14 {Hrabusa-Petrik, Banska
Stiavnica 2010. Thanks to the d5 P White has gained some space.}) 12. h3 Nd7 $5
{A very strange move, because the e5 N looks the only active piece in Black's
position and suddenly he retreats with it. But if we analyse deeply, that N
can be in trouble after f4.} 13. c3 Nf6 14. c4 Bd7 15. Qd3 (15. Re1 Rfe8 16.
Bd2 Qc5 17. Bc3 a6 18. Rc1 {+/=/= Williams-N.Pert, Canterbury 2010}) 15... Rfc8
16. Rfe1 Kf8 {(Bazeev-Gladyszev, St Petersburg 2011)} 17. Re2 $14 {and White
can improve his position.}) 11. Nxf6+ Bxf6 12. c3 Ne5 {The plan is Ng4.} (12...
Bd7 13. f4 Qc7 (13... Nxd4 14. Bxd4 ({after} 14. cxd4 {Black could equalise in
the game.} e6 15. e5 Bg7 16. Rc1 Bc6 17. Qd3 Rac8 18. Rfd1 Bd5 $11 {Basov-Hase,
corr 2003}) 14... Bxd4+ 15. Qxd4 Qc5 16. Rad1 Bb5 17. Rf2 Qxd4 18. Rxd4 Kg7 19.
e5 dxe5 20. fxe5 f6 $5 (20... f5 {(Pavasovic-Barle, Bled 2008)} 21. Bd5 $14))
14. Qf3 ({The computer suggests} 14. Nb5 Qd8 15. Qd2 a6 16. Na3 {but this is
not a human plan to transfer the N from d4 to a3.}) 14... Na5 15. f5 Nxb3 16.
axb3 Kh8 {A strange move, but it is not so easy to find a useful plan for
Black.} 17. fxg6 fxg6 18. Qg3 $14 {Philippe-Maze, Belfort 2012; with slightly
better chances for White.}) 13. h3 Qa6 $5 {A very interesting move connected
with the next move.} 14. Nc2 Nd3 $146 {The first new move in the game, Black
immediately tries to exploit White's weak squares.} (14... Qc6 $6 15. Nb4 $1 (
15. Bd5 Qc7 16. Qe2 Be6 17. Bxe6 fxe6 18. Nd4 Qc8 19. Rad1 $14 {Lacasa
Diaz-Raineri de Luca, Sitges 2002}) 15... Qxe4 16. Bd5 Qf5 17. f4 Nc6 18. Nxc6
bxc6 19. Bxc6 $16) 15. Qf3 (15. Qd2 $5 {was also interesting} Nxb2 $2 16. Nb4
Qa3 17. Rab1 Na4 18. Nc2 $18) 15... Be6 ({Here also} 15... Nxb2 $2 {is too
dangerous, because} 16. Nb4 Qa5 17. Nd5 $18) 16. Bd4 ({In the event of} 16.
Bxe6 fxe6 {is not a real weakness in Black's position.}) 16... Bxd4 17. Nxd4
Bc4 18. Rfb1 $5 {A very creative idea, White had to protect the b2 P and we
will see a few moves later, the R on a1 can be very useful.} Ne5 19. Qe3 Bxb3 (
{I think} 19... Rac8 {is more logical, because now the a1 R is out of play.})
20. axb3 {Now we can understand 18.Rfb1.} Qb6 21. Ra3 a6 22. Rd1 Rac8 23. Nc2
Qxe3 24. Nxe3 {This endgame gives a slight advantage for White and in a
practical game it is easier to play.} Nd7 25. f3 Kf8 26. Kf2 Rc6 27. g4 e6 28.
h4 Ke7 29. Ra5 Rec8 30. Kg3 h6 31. Rd2 Nc5 32. Ra3 a5 {An unexpected decision.
Black doesn't want to allow b4, but the a5 P and the b5-square can be a
weakness later.} 33. Nc2 $1 {Immediately heading to b5 square.} Ra6 34. Rd1
Rca8 35. Nd4 Kd7 36. Nb5 e5 $2 $138 {A mistake in big time trouble.} (36... Rb6
{was the best and after} 37. c4 a4 {and maybe Black can hope for some
counterplay.}) 37. b4 $1 axb4 38. cxb4 Ne6 39. Nxd6 {And here Ivanchuk lost on
time, but the position is already bad.} (39. Nxd6 Ke7 (39... Rxa3 40. bxa3 Nd4
41. Nb5 Ke7 42. Nxd4 exd4 43. Rxd4 Rxa3 44. Rd5 $16 {very close to a winning
endgame.}) 40. Nc4 f6 41. Rd5 $16) 1-0

[Event "Candidates Tournament"]
[Site "London"]
[Date "2013.03.24"]
[Round "8"]
[White "Kramnik, Vladimir"]
[Black "Svidler, Peter"]
[Result "1-0"]
[WhiteElo "2810"]
[BlackElo "2747"]
[Annotator "Kramnik,V"]
[PlyCount "79"]
[EventDate "2013.03.15"]
[EventType "tourn"]
[EventRounds "14"]
[EventCountry "ENG"]
[EventCategory "22"]
[SourceTitle "CBM 154"]
[Source "ChessBase"]
[SourceDate "2013.05.15"]
[SourceVersion "1"]
[SourceVersionDate "2013.05.15"]
[SourceQuality "1"]

1. d4 Nf6 2. c4 g6 3. Nc3 d5 4. cxd5 Nxd5 5. e4 Nxc3 6. bxc3 Bg7 7. Nf3 c5 8.
Be3 Qa5 9. Qd2 Nc6 10. Rc1 cxd4 11. cxd4 Qxd2+ 12. Kxd2 O-O 13. d5 Rd8 {
This position used to be very popular some 10 years ago, after my match with
Kasparov in 2000. Die Stellung war vor etwa 10 Jahr populär, nach meinem Match
mit Kasparov im Jahr 2000.} 14. Kc2 {A new idea, which I had been studying
already more than 10 years ago, but for some reason decided to play it only
much later. There were a lot of games played with 14.Ke1, but it seems that,
according to modern theory, Black finally managed to find a way to equalise.
Eine neue Idee, die ich bereits vor mehr als 10 Jahren studiert hatte, aber
aus irgendeinem Grund beschloss, sie erst viel später zu spielen. Es gab eine
Menge Partien mit 14.Ke1, es scheint aber, laut moderner Theorie, dass es
Schwarz endlich gelungen ist, einen Weg zum Ausgleich zu finden.} (14. Ke1 {
Here are my games played with this move, all of the them played just after the
above mentioned match in the first half of 2001. Hier sind meine Partien mit
diesem Zug, sie alle wurden direkt nach dem erwähnten Match in der ersten
Hälfte des Jahres 2001 gespielt.} Na5 (14... Ne5 15. Nxe5 Bxe5 16. f4 Bd6 17.
Kf2 e5 18. Bc5 Bxc5+ 19. Rxc5 exf4 20. Kf3 Bd7 21. Bd3 Rac8 22. Rhc1 g5 23. Rc7
Rxc7 24. Rxc7 Ba4 25. Kg4 h6 26. Rxb7 Rd7 27. Rb4 Bd1+ 28. Kf5 Kg7 29. h4 f6
30. hxg5 hxg5 31. e5 fxe5 32. Kxe5 f3 33. gxf3 Bxf3 34. d6 Rd8 35. Bf5 Bc6 36.
d7 Rf8 37. Rd4 {1-0 Kramnik,V (2770)-Leko,P (2743)/Budapest 2001/CBM 081/
[Krasenkow]}) 15. Bg5 Bd7 16. Bd3 Rdc8 17. Ke2 e6 18. Rxc8+ (18. Be3 exd5 19.
exd5 b6 20. Ba6 Rd8 21. Rhd1 Bc8 22. Bxc8 Raxc8 23. Rxc8 Rxc8 24. Nd4 Bf8 25.
Nb5 a6 26. d6 Rc2+ 27. Kd3 Rxa2 28. d7 Nb7 29. Nc3 Rb2 30. Nd5 Rb5 31. Kc2 Bc5
32. Bh6 f6 33. Nc7 {1-0 Kramnik,V (2772)-Van Wely,L (2700)/Wijk aan Zee 2001/
CBM 081/[Krasenkow]}) 18... Rxc8 19. Rc1 Rxc1 20. Bxc1 exd5 21. exd5 b5 22. Bf4
Nc4 23. Bxc4 bxc4 24. Be5 Bf8 25. Nd2 Bb5 26. Ne4 f5 27. Nc3 Bd7 28. Ke3 Bc5+
29. Bd4 Bb4 30. Be5 {1/2-1/2 Kramnik,V (2797)-Kasparov,G (2827)/Astana 2001/
CBM 084/[Krasenkow]}) 14... Ne5 {After a period of deep thought Peter chooses
a safe, but slightly passive option. Nach einigem tiefen Nachdenken wählt
Peter eine sichere, aber leicht passive Option.} (14... Na5 {is much more
principled, but I guess my opponent wanted to avoid sharp lines, knowing that
I had studied them with the computer engines. Here is the only game played
with 14.Kc2 before (no doubt, there will be quite a few after), but White's
play was rather weak there. I believe I would have done better. ist viel
prinzipieller, aber ich schätze, mein Gegner wollte scharfe Abspiele vermeiden
in dem Wissen, dass ich sie mit den Computerengines analysiert hatte. Hier ist
die einzige zuvor mit 14.Kc2 gespielte Partie (zweifellos wird es danach eine
ganze Reihe geben), allerdings war das Spiel von Weiß dort recht schwach. Ich
glaube, ich hätte es besser gemacht.} 15. Nd2 Bd7 16. Kb1 e6 17. Nc4 b6 18. Bg5
f6 19. Bf4 exd5 20. Nxa5 bxa5 21. exd5 Bf5+ 22. Kb2 Be4 23. Rc5 f5+ 24. Kb3
Rdc8 25. Bc7 Bd4 26. Rc1 Bxd5+ 27. Bc4 Rab8+ 28. Bxb8 Rxb8+ 29. Ka3 Bc5+ 30.
Ka4 Rb4+ 31. Kxa5 Rxc4 32. Kb5 Rxc1 33. Rxc1 Bxf2 34. Rc2 Be3 35. a4 f4 36. a5
Be4 37. Rb2 Kg7 38. Kc4 Kf6 39. a6 h5 {0-1 Heinig,W (2365)-Gauglitz,G (2235)/
Fuerstenwalde 1981/MCD}) 15. Nxe5 Bxe5 16. Bc4 {White has a small but lasting
advantage now, but Black's position is very solid, with good drawing chances.
Actually the position is quite similar to my game with Leko, shown above. Weiß
hat jetzt einen kleinen, aber dauerhaften Vorteil, allerdings ist die Stellung
von Schwarz sehr solide, mit guten Remischancen. Eigentlich ist die Stellung
ganz ähnlich meiner Partie mit Leko, oben gezeigt.} Bd7 17. f4 Bd6 18. Kb3 {
Now e4-e5 is already on the agenda. Nun steht bereits e4-e5 auf der
Tagesordnung.} (18. e5 $6 {would have been great to push, but it doesn't work
tactically: wäre ein toller Vorstoß gewesen, aber es funktioniert taktisch
nicht:} Ba3 19. Rcd1 Bg4 20. Rd2 Bb4 21. Rf2 b5) 18... f6 19. a4 {
Prophylactics against potential counterplay connected with ...b5, ...a5.
Prophylaxe gegen potentielles Gegenspiel in Verbindung mit ...b5, ...a5.} Rdc8
20. h4 {Starting active play on the kingside, but, strangely enough, also
prophylactic. I thought that Black might next play ...Kf7 and then ...e5 at
some point. Beginnt aktives Spiel am Königsflügel, aber, seltsamerweise,
ebenfalls prophylaktisch. Ich dachte, Schwarz könnte eventuell als nächstes ...
Kf7 spielen und dann ...e5 an irgendeiner Stelle.} (20. g3 {was another
logical option here. war hier eine weitere logische Möglichkeit.}) 20... Rab8 {
Seeking for active counterplay. Strebt aktives Gegenspiel an.} (20... Kf7 21.
h5 $1 {- the point, now White threatens to enter on the h-file and there is no
time for a e7-e5 break. - die Pointe, jetzt droht Weiß, auf der h-Linie
einzudringen, und es ist keine Zeit für einen e7-e5-Hebel.}) (20... h5 {
this is a radical solution, with its pluses and minuses, hard to say, what
counts more. On one hand, there are no breaks for the moment on the kingside,
but on the other, the g6-pawn might become vulnerable. For instance, endings
with light-squared bishops will, if it gets there, most probably be won for
White. dies ist eine Radikallösung, mit ihren Plus- und Minuspunkten; schwer
zu sagen, was mehr zählt. Eienrseits gibt es im Moment keine Hebel am
Königsflügel, aber andererseits könnte auch der g6-Bauer anfällig werden. Zum
Beispiel werden Endspiele mit weißfeldrigen Läufern, wenn es dazu kommt,
höchstwahrscheinlich für Weiß gewonnen sein.} 21. g3) 21. Bb5 Bxb5 22. axb5 a6
23. b6 $1 {White must keep this pawn in order to keep winning chances. This
b-pawn is threatening to become a queen in quite a few lines in the future.
Houdini equally likes 23.Ka4, but I am glad to use this rare occasion to point
out that he is wrong this time. Weiß muss diesen Bauern behalten, um
Gewinnchancen zu wahren. Dieser b-Bauer droht in einer ganzen Reihe von
zukünftigen Abspielen zur Dame zu gehen. Houdini gefällt 23.Ka4 ebenso, aber
ich freue mich, diese seltene Gelegenheit zu nutzen, um darauf hinzuweisen,
dass er diesmal irrt.} (23. Ka4 axb5+ 24. Kxb5 Rxc1 25. Rxc1 Ra8 26. Bc5 Bxc5
27. Rxc5 Ra2 28. g3 Kf7 29. Kb6 Re2 {is an easy draw. ist ein leichtes Remis.})
23... Kf7 24. h5 (24. g4 {would have been my first choice here if not wäre
meine erste Wahl gewesen, gäbe es da nicht} Rxc1 25. Rxc1 e6 $1 26. dxe6+ Kxe6
27. f5+ Kf7 {and although this position looks visually attractive, I could not
find any way through, and Houdini agrees. und obwohl diese Stellung optisch
attraktiv aussieht, konnte ich keinen Weg finden durchzubrechen, und Houdini
stimmt zu.}) 24... Rxc1 (24... gxh5 {was a possible option but most probably
Peter was worried about war eine mögliche Option, aber höchstwahrscheinlich
sorgte sich Peter wegen} 25. Rxc8 Rxc8 26. Rxh5 {followed by e5. nebst e5.})
25. hxg6+ {An important intermediate move. An important intermediate move.}
Kxg6 (25... hxg6 26. Bxc1 {We both thought this position was very dangerous
for Black, but the computer holds it somehow: Wir beide hielten diese Stellung
für sehr gefährlich für Schwarz, aber der Computer hält sie irgendwie:} Bc5 27.
Ba3 Bxa3 28. Kxa3 Rd8 29. Rh7+ Ke8 {looks really bad, but strangely enough
might hold due to the ...f5-idea, for example sieht richtig schlecht aus,
könnte aber seltsamerweise halten wegen der ...f5-Idee, zum Beispiel} 30. Kb4
f5 31. Rh8+ Kd7 32. Rxd8+ Kxd8 33. e5 Kd7) 26. Bxc1 Rg8 (26... h5 {is the
first line of Houdini, but I am not sure about this move, for example ist das
erste Abspiel von Houdini, aber ich bin bei diesem Zug nicht sicher, zum
Beispiel} 27. f5+ Kf7 28. Ba3 Rd8 29. Rxh5 Bxa3 30. Kxa3 Rd6 31. Rh6 $1 Rxb6
32. e5 Rb1 33. d6 {winning. und gewinnt.}) 27. g4 h6 28. Rh5 {White has
achieved a lot obviously, but with the help of the computer Black seems to be
still able to defend. Things are much more difficult when you are sitting at
the board, fortunately. Weiß hat offenkundig eine Menge erreicht, aber mit
Hilfe des Computers scheint sich Schwarz noch immer verteidigen zu können. Zum
Glück ist die Sache viel schwieriger, wenn man am Brett sitzt.} Kf7 {A serious,
although not obvious at all, mistake. Houdini still gives just a small plus
for White here, but in fact White seems to be winning with precise play from
now on, and I managed to demonstrate it this time. Ein ernster, wenngleich
keineswegs offensichtlicher Fehler. Houdini gibt hier immer noch nur ein
kleines Plus für Weiß, tatsächlich aber scheint Weiß bei genauem Spiel von
hier an zu gewinnen, und diesmal gelang es mir, es zu zeigen.} (28... Bc5 $1
29. e5 (29. Ba3 Bxa3 30. Kxa3 Rc8 31. Kb4 Rc1 {in time to create counterplay
rechtzeitg, um Gegenspiel zu schaffen.}) 29... fxe5 30. fxe5 Rh8 {again looks
ugly and passive, but probably holds. wirkt erneut hässlich und passiv, hält
aber wahrscheinlich.} 31. Bd2 (31. Kc4 Bxb6 32. Bf4 Bd8) 31... Bxb6 32. d6 Bd8
33. Kc4 exd6 34. exd6 Rg8 35. Kd5 Kf7) 29. e5 Bc5 (29... fxe5 30. fxe5 Bc5 31.
e6+ Ke8 32. Rxh6) 30. e6+ Kf8 (30... Kg7 31. f5) 31. Rh4 {A good move although
the computer suggests another strong option as well: Ein guter Zug, obwohl der
Computer auch noch eine weitere starke Möglichkeit vorschlägt:} (31. Rh3 Bxb6
32. Rc3) 31... Kg7 (31... Bxb6 32. Ba3 Bd8 {is not much better - ist nicht
viel besser -} 33. f5) 32. f5 Rd8 {A desperate attempt to create some activity.
Ein verzweifelter Versuch, etwas Aktivität zu entfalten.} (32... Rh8 {Since B
takes b6 is not a threat due to Ba3, White has all the time in the world to
improve his position. At some point I am going to play Ba3 and win the rook
endgame later. Da B schlägt b6 keine Drohung ist wegen Ba3, hat Weiß alle Zeit
der Welt, seine Stellung zu verbessern. An irgendeiner Stelle werde ich Ba3
spielen und später das Turmendspiel gewinnen.}) 33. Bxh6+ Kg8 34. Kc4 Bxb6 (
34... Bf2 35. Rh3) 35. g5 $1 Bf2 36. Rg4 $1 Kh7 37. gxf6 exf6 (37... Kxh6 38.
f7 Kh7 39. d6 {looks like the famous Labourdonnais game, only with the extra
rook. ähnelt der berühmten Labourdonnais-Partie, nur mit dem Extraturm.}) 38.
e7 {The most direct, although anything else wins. Am direktesten, obwohl auch
alles andere gewinnt.} Rc8+ 39. Kb3 Bc5 (39... Kxh6 40. d6 Bb6 41. d7) 40. Rc4
{A nice clean positional game, in my opinion, I am rather proud of it. Eine
schöne saubere Positionspartie, meiner Ansicht nach; ich bin ziemlich stolz
darauf.} 1-0